000 00658nam a2200205 a 4500
005 20140412111427.0
008 090225s19uu xx 00 eng d
020 _a0-395-98033-x
050 _aTR(PS E
_bFi44 1991
100 _aChristelow, Eileen
245 _aFive little monkeys sitting in a tree /
_cEileen Christelow.
260 _aNew York :
_bHoughton mifflin,
_c1991.
300 _aunp.
440 _aFive little monkeys
520 _aFive little monkeys sitting in a tree discover, one by one that it is unwise to tease Mr. Crocodile.
650 _aCounting
650 _aCrocodile
_xfiction
650 _aMonkeys
_xfiction
999 _c106269
_d106269